Music Quiz

Random Music or Bands Quiz

Members of R.E.M. Quiz Stats

 Plays Quiz not verified by Sporcle

Challenge
Share
Tweet
Embed
Score 0/7 Timer 02:00
0 Plays Today
Years active Answer % Correct
1980-2011Michael Stipe
100%
1980-2011Mike Mills
97.2%
1980-2011Peter Buck
94.4%
1980-1997Bill Berry
91.7%
1994- 2011Scott McCaughey
38.9%
2003-2011Bill Rieflin
30.6%
1998-2002Joey Waronker
30.6%

You're not logged in!

Compare scores with friends on all Sporcle quizzes.
Join for Free
OR
Log In

You Might Also Like...

Show Comments

Extras

Top Quizzes Today


Score Distribution

Your Account Isn't Verified!

In order to create a playlist on Sporcle, you need to verify the email address you used during registration. Go to your Sporcle Settings to finish the process.

Report this User

Report this user for behavior that violates our Community Guidelines.

Details: